000 00350nam a2200157Ia 4500
100 _aRaghunath/H.M
650 _aStrength of Materials
942 _cBK
366 _f23
245 _aStrength Of Materials
260 _bNew Age Interational Ltd.
_c2010
082 _a620.112
_bRAG
300 _a280
546 _aENGLISH
_cInfo.Tech
999 _c33268
_d33268